A Text book of Machine Design (Record no. 897)
[ view plain ]
| 000 -LEADER | |
|---|---|
| fixed length control field | 00368nam a2200145Ia 4500 |
| 008 - FIXED-LENGTH DATA ELEMENTS--GENERAL INFORMATION | |
| fixed length control field | 191201s2005 xx 000 0 und d |
| 082 ## - DEWEY DECIMAL CLASSIFICATION NUMBER | |
| Classification number | 621.815 |
| Item number | KHT |
| 100 ## - MAIN ENTRY--PERSONAL NAME | |
| Personal name | KHURMI, R S |
| 245 #2 - TITLE STATEMENT | |
| Title | A Text book of Machine Design |
| 250 ## - EDITION STATEMENT | |
| Edition statement | 1st |
| 260 ## - PUBLICATION, DISTRIBUTION, ETC. (IMPRINT) | |
| Place of publication, distribution, etc | N.Delhi |
| Name of publisher, distributor, etc | Eurasia Publication House Pvt Ltd. |
| Date of publication, distribution, etc | 2005 |
| 300 ## - PHYSICAL DESCRIPTION | |
| Extent | 1230 |
| 650 ## - SUBJECT ADDED ENTRY--TOPICAL TERM | |
| Topical term or geographic name as entry element | B.Tech(ME) |
| 942 ## - ADDED ENTRY ELEMENTS (KOHA) | |
| Source of classification or shelving scheme | Dewey Decimal Classification |
| Koha item type | Text Books |
| 942 ## - ADDED ENTRY ELEMENTS (KOHA) | |
| -- | 5 |
| Withdrawn status | Lost status | Source of classification or shelving scheme | Damaged status | Not for loan | Collection code | Home library | Current library | Date acquired | Source of acquisition | Cost, normal purchase price | Bill Number | Total Checkouts | Full call number | Acc. no. / Barcode | Date last seen | Date last borrowed | Bill Date | Koha item type |
|---|---|---|---|---|---|---|---|---|---|---|---|---|---|---|---|---|---|---|
| Dewey Decimal Classification | B.Tech(ME) | PIET C-LIBRARY | PIET C-LIBRARY | 17/08/2006 | M/s UDH , Delhi | 495.00 | 125415 | 2 | 621.815 KHT | 509 | 24/06/2023 | 08/06/2023 | 18/08/2005 | Text Books | ||||
| Dewey Decimal Classification | B.Tech(ME) | PIET C-LIBRARY | PIET C-LIBRARY | 17/08/2006 | M/s UDH , Delhi | 495.00 | 125415 | 2 | 621.815 KHT | 510 | 16/03/2020 | 28/02/2020 | 18/08/2005 | Text Books | ||||
| Dewey Decimal Classification | B.Tech(ME) | PIET C-LIBRARY | PIET C-LIBRARY | 17/08/2006 | M/s UDH , Delhi | 495.00 | 125415 | 4 | 621.815 KHT | 511 | 15/06/2023 | 02/06/2023 | 18/08/2005 | Text Books | ||||
| Dewey Decimal Classification | B.Tech(ME) | PIET C-LIBRARY | PIET C-LIBRARY | 17/08/2006 | M/s UDH , Delhi | 495.00 | 125415 | 6 | 621.815 KHT | 512 | 15/06/2023 | 02/06/2023 | 18/08/2005 | Text Books |